| 000 | 00507nam a2200181Ia 4500 | ||
|---|---|---|---|
| 003 | GCL | ||
| 008 | 140319s9999 xx 000 0 eng d | ||
| 040 |
_aGCL / _cGCL |
||
| 082 | 0 | 4 |
_a005.133 _bK F |
| 100 | 1 | _aKOFFMAN, ELLIOT | |
| 245 | 1 | 0 |
_aFORTRAN WITH ENGINEERING APPLICATIONS / _cKOFFMAN, ELLIOT |
| 700 | 1 | _aFRIEDMAN, FRANK, L. | |
| 260 |
_a[S.N] : _bADDISON - WESLEY PUBLISHING COMPANY ، _c1993 |
||
| 300 | _a664 P | ||
| 650 | 0 | 4 | _aCOMPUTER PROGRAM LANGUAGE |
| 650 | 0 | 4 | _aFORTRAN |
| 942 |
_2ddc _cBK |
||
| 999 |
_c24541 _d24541 |
||